[Event "5ème Open de St Chély d'Aubrac"]
[Site "St-Chély d'Aubrac"]
[Date "2005.07.11"]
[Round "3.2"]
[White "Soyer, Jean-Yves"]
[Black "Ivanov, Mikhail M"]
[Result "0-1"]
[WhiteElo "2146"]
[BlackElo "2462"]
[PlyCount "128"]
[EventDate "2005.07.??"]

1. c4 g6 2. g3 Bg7 3. Bg2 d6 4. Nc3 e5 5. d3 f5 6. e4 Nf6 7. exf5 gxf5 8. Nge2
c6 9. d4 O-O 10. O-O Na6 11. b3 Qc7 12. Ba3 Rd8 13. Bb2 Be6 14. d5 Bf7 15. a3
c5 16. Bc1 Bh5 17. Qc2 Qd7 18. Ra2 Rdc8 19. f4 e4 20. Nd1 Nc7 21. Ne3 Re8 22.
Nc3 Bg6 23. Bh3 h5 24. Bb2 Ng4 25. Bxg4 hxg4 26. Ne2 b5 27. Rb1 a5 28. Bxg7
Qxg7 29. a4 bxc4 30. bxc4 Na6 31. Qc3 Nb4 32. Qxg7+ Kxg7 33. Rab2 Kf6 34. Nc3
Re7 35. Nb5 Rd8 36. Rd2 Rh7 37. Rbb2 Nd3 38. Rb1 Rh3 39. Re2 Bh5 40. Ng2 Rb8
41. Rd1 Rb6 42. Rf1 Be8 43. Ne3 Bd7 44. Ra1 Rh8 45. Kg2 Rc8 46. Kf1 Nb4 47. Kg2
Ke7 48. Ra3 Rbb8 49. Ra1 Rh8 50. Kg1 Rh5 51. Ra3 Rbh8 52. Ra1 Rh3 53. Nc3 Nd3
54. Rb1 Nb4 55. Rbb2 Kd8 56. Rb3 R8h6 57. Ra3 Nd3 58. Ra1 Nxf4 59. gxf4 g3 60.
Raa2 Rg6 61. Ra1 gxh2+ 62. Kh1 Rgg3 63. Rae1 Be8 64. Ncd1 Bh5 0-1

[Event "5ème Open de St Chély d'Aubrac"]
[Site "St-Chély d'Aubrac"]
[Date "2005.07.11"]
[Round "4.1"]
[White "Riff, Vincent"]
[Black "Karpatchev, Alexandr"]
[Result "1/2-1/2"]
[WhiteElo "2269"]
[BlackElo "2487"]
[PlyCount "147"]
[EventDate "2005.07.??"]

1. Nf3 d5 2. e3 c5 3. Bb5+ Bd7 4. Qe2 Nf6 5. O-O a6 6. Bxd7+ Nbxd7 7. d3 e6 8.
e4 Be7 9. Re1 O-O 10. a4 b5 11. Bg5 h6 12. Bh4 d4 13. axb5 axb5 14. Nbd2 Qb6
15. Reb1 Rfc8 16. b3 Ra6 17. Qd1 Rca8 18. h3 e5 19. Nh2 Qb7 20. Bg3 Rxa1 21.
Rxa1 Rxa1 22. Qxa1 Nh5 23. Nhf3 Nxg3 24. fxg3 g6 25. Kh2 Kg7 26. Qa5 h5 27. Nb1
c4 28. Na3 cxb3 29. cxb3 Nc5 30. Nxe5 h4 31. Nxb5 hxg3+ 32. Kg1 Bf6 33. Ng4
Nxd3 34. Nxf6 Kxf6 35. Qa4 Ne5 36. Nxd4 Qxe4 37. Qa1 Qe3+ 38. Kh1 Kg5 39. Nc2
Qe2 40. Qe1 Qxe1+ 41. Nxe1 Kf4 42. Kg1 Ke3 43. Kf1 Nc6 44. Nf3 f5 45. b4 Nxb4
46. Nh4 f4 47. Nxg6 Nd3 48. Nh4 Ne5 49. Nf5+ Ke4 50. Nd6+ Kd3 51. Nf5 Ng6 52.
Ke1 Ke4 53. Nd6+ Ke5 54. Nf7+ Kd4 55. Kf1 Nh4 56. Nd6 Kd3 57. Nf7 Ke4 58. Nd6+
Ke3 59. Nc4+ Kd4 60. Nd6 Kc3 61. Nf7 Nf5 62. Ng5 Kd3 63. Nf3 Ne3+ 64. Kg1 Nd1
65. h4 Nf2 66. h5 Ng4 67. Ng5 Nh6 68. Kf1 Ke3 69. Ke1 Ng4 70. Kf1 Kd4 71. Ke2
Ke5 72. h6 Nxh6 73. Kf3 Nf5 74. Nf7+ 1/2-1/2

[Event "5ème Open de St Chély d'Aubrac"]
[Site "St-Chély d'Aubrac"]
[Date "2005.07.11"]
[Round "4.2"]
[White "Ivanov, Mikhail M"]
[Black "Riff, Jean-Noel"]
[Result "1-0"]
[WhiteElo "2462"]
[BlackElo "2416"]
[PlyCount "87"]
[EventDate "2005.07.??"]

1. Nf3 Nf6 2. c4 e6 3. Nc3 Bb4 4. g3 b6 5. Bg2 Bb7 6. O-O O-O 7. d3 Bxc3 8.
bxc3 d6 9. e4 Nbd7 10. Re1 Qe7 11. Nh4 c5 12. f4 Ne8 13. f5 Ne5 14. Rf1 Rd8 15.
Qe2 Bc8 16. Bd2 exf5 17. Nxf5 Bxf5 18. exf5 Nf6 19. Rae1 Qc7 20. Bg5 Ned7 21.
g4 Rde8 22. Qd1 Ne5 23. h3 a6 24. a4 Rb8 25. Bf4 b5 26. g5 Nfd7 27. axb5 axb5
28. cxb5 c4 29. d4 Nd3 30. Bc6 Nxe1 31. Qxe1 Rbd8 32. Qg3 Nb8 33. Bd5 Qa5 34.
g6 Nd7 35. Bxd6 Nf6 36. Bxf8 Kxf8 37. gxh7 Nxh7 38. Bxc4 Rc8 39. Qd6+ Kg8 40.
Bxf7+ Kh8 41. c4 Rd8 42. Qf4 Qa7 43. Bd5 Rf8 44. c5 1-0

[Event "5ème Open de St Chély d'Aubrac"]
[Site "St-Chély d'Aubrac"]
[Date "2005.07.11"]
[Round "4.3"]
[White "Lagunes, Jean-Renaud"]
[Black "Moingt, Jean-Claude"]
[Result "1-0"]
[WhiteElo "2131"]
[BlackElo "2292"]
[PlyCount "77"]
[EventDate "2005.07.??"]

1. e4 c5 2. Nf3 Nc6 3. Bb5 g6 4. Bxc6 dxc6 5. d3 Bg7 6. h3 Nf6 7. Nc3 Nd7 8.
O-O Nf8 9. Be3 Ne6 10. Qd2 Nd4 11. Nh2 e5 12. f4 exf4 13. Rxf4 O-O 14. Rf2 Qe7
15. Bh6 Be6 16. Raf1 Rad8 17. b3 b5 18. Nd1 c4 19. Bxg7 Kxg7 20. c3 cxb3 21.
cxd4 bxa2 22. Qb2 f6 23. Ne3 Qd6 24. d5 cxd5 25. exd5 Bxd5 26. Nxd5 Qxd5 27.
Rxf6 Rxf6 28. Qxf6+ Kg8 29. Kh1 Qd4 30. Qf7+ Kh8 31. Qxa2 Qxd3 32. Qxa7 Qd7 33.
Qc5 h5 34. Qe5+ Kg8 35. Qg5 Qd3 36. Qe7 Qd5 37. Rf6 Qd1+ 38. Nf1 Qd3 39. Qf7+
1-0

[Event "5ème Open de St Chély d'Aubrac"]
[Site "St-Chély d'Aubrac"]
[Date "2005.07.11"]
[Round "4.4"]
[White "Boudre, Jean-Pierre"]
[Black "Deschler, Fabrice"]
[Result "1/2-1/2"]
[WhiteElo "2359"]
[BlackElo "2167"]
[PlyCount "93"]
[EventDate "2005.07.??"]

1. e4 c5 2. Nf3 Nc6 3. Bb5 g6 4. Bxc6 dxc6 5. d3 Bg7 6. h3 Nh6 7. Nc3 f6 8. Be3
b6 9. Nd2 e5 10. f4 f5 11. fxe5 Nf7 12. O-O O-O 13. exf5 Bxf5 14. Nf3 Nxe5 15.
Qd2 Qd7 16. Bh6 Nxf3+ 17. Rxf3 Qd4+ 18. Kh1 Rad8 19. Raf1 c4 20. Bxg7 Qxg7 21.
g4 Be6 22. Rxf8+ Rxf8 23. Rxf8+ Qxf8 24. Qe2 Qf7 25. Kg1 cxd3 26. Qxd3 h5 27.
gxh5 gxh5 28. Qd8+ Qf8 29. Qd2 Bxh3 30. Kh2 Bf5 31. Qg5+ Kh7 32. Qxh5+ Qh6 33.
Qxh6+ Kxh6 34. Kg3 Kg5 35. Kf3 Bxc2 36. Ke3 Kf6 37. Kd4 Ke6 38. b4 Kd6 39. a3
a6 40. Ne2 Ba4 41. Ng3 c5+ 42. bxc5+ bxc5+ 43. Kc3 Bb5 44. Ne4+ Kd5 45. Nd2 a5
46. Nb3 a4 47. Nxc5 1/2-1/2

[Event "5ème Open de St Chély d'Aubrac"]
[Site "St-Chély d'Aubrac"]
[Date "2005.07.11"]
[Round "4.5"]
[White "Riff, Sebastien"]
[Black "Laine, Patrice"]
[Result "1-0"]
[WhiteElo "2216"]
[BlackElo "2082"]
[PlyCount "73"]
[EventDate "2005.07.??"]

1. e4 c5 2. Nf3 e6 3. d4 cxd4 4. Nxd4 a6 5. Bd3 Qc7 6. O-O b5 7. Be3 Bb7 8. Nd2
Nf6 9. f4 Nc6 10. c3 Bc5 11. Qe2 Ne7 12. Kh1 h5 13. e5 Nfd5 14. Bg1 g6 15. Ne4
d6 16. b4 dxe5 17. Nxe6 fxe6 18. Nxc5 Nxf4 19. Rxf4 exf4 20. Nxe6 Qc6 21. Bc5
Kd7 22. Nxf4 Rae8 23. Rd1 Kc8 24. Bxe7 Rh7 25. Nxg6 Rexe7 26. Nxe7+ Rxe7 27.
Qf2 Kb8 28. Bf1 Re8 29. Qf4+ Ka7 30. c4 Rg8 31. Qe3+ Ka8 32. cxb5 axb5 33. Rd2
Qg6 34. Qe5 Qb1 35. Qxb5 Rf8 36. Qa5+ Kb8 37. Rd8+ 1-0

[Event "5ème Open de St Chély d'Aubrac"]
[Site "St-Chély d'Aubrac"]
[Date "2005.07.11"]
[Round "4.6"]
[White "Coste, Thierry"]
[Black "Gaftarnik, Olivier"]
[Result "1-0"]
[WhiteElo "2200"]
[BlackElo "1965"]
[PlyCount "45"]
[EventDate "2005.07.??"]

1. Nf3 d5 2. d4 Nf6 3. e3 Bf5 4. c4 c6 5. Nbd2 e6 6. Be2 Bd6 7. b3 O-O 8. Bb2
Nbd7 9. Ne5 c5 10. g4 Bg6 11. h4 h6 12. Nxg6 fxg6 13. Qc2 Qa5 14. Bc3 Qc7 15.
Qxg6 cxd4 16. exd4 Ba3 17. g5 hxg5 18. hxg5 Ne4 19. Nxe4 dxe4 20. Qxe6+ Rf7 21.
g6 Raf8 22. gxf7+ Rxf7 23. Bh5 1-0

[Event "5ème Open de St Chély d'Aubrac"]
[Site "St-Chély d'Aubrac"]
[Date "2005.07.11"]
[Round "4.8"]
[White "Nass, Emile"]
[Black "Soyer, Jean-Yves"]
[Result "1-0"]
[WhiteElo "1984"]
[BlackElo "2146"]
[PlyCount "87"]
[EventDate "2005.07.??"]

1. d4 Nf6 2. Nf3 g6 3. g3 Bg7 4. Bg2 O-O 5. O-O d6 6. c4 Nbd7 7. Nc3 e5 8. e4
a6 9. d5 b5 10. Nd2 Nc5 11. Nb3 Nxb3 12. axb3 Bd7 13. Qe2 c5 14. dxc6 Bxc6 15.
Rd1 Qb8 16. cxb5 axb5 17. Rxa8 Qxa8 18. Rxd6 Rd8 {(=)} 19. Rxd8+ Qxd8 20. Nd5
Ne8 21. Qd3 Bf8 22. Qc3 Qd6 23. f4 f6 24. Be3 Kg7 25. fxe5 fxe5 26. b4 Bxd5 27.
exd5 Be7 28. Bc5 Qc7 29. Bf1 Bd6 30. Bxb5 Nf6 31. Bc6 Ne4 32. Qe3 Nxc5 33. bxc5
Qa7 34. b4 Qa1+ 35. Kg2 Qb2+ 36. Qf2 Qxb4 37. cxd6 Qxd6 38. Qa7+ Kh6 39. Qe3+
Kg7 40. h4 Kf6 41. Qh6 Qb4 42. Qg5+ Kf7 43. Qxe5 Qd2+ 44. Kh3 1-0

[Event "5ème Open de St Chély d'Aubrac"]
[Site "St-Chély d'Aubrac"]
[Date "2005.07.11"]
[Round "4.9"]
[White "Capron, Daniel"]
[Black "Ballandras, Marc"]
[Result "1/2-1/2"]
[WhiteElo "2070"]
[BlackElo "1810"]
[PlyCount "59"]
[EventDate "2005.07.??"]

1. e4 c5 2. b4 cxb4 3. a3 d5 4. exd5 Nf6 5. Bb5+ Bd7 6. Bc4 Qc7 7. Qe2 b5 8.
Bb3 Na6 9. axb4 Nxb4 10. Nc3 Nxc2+ 11. Bxc2 b4 12. d6 Qc5 13. dxe7 Bxe7 14. Bb3
bxc3 15. Ba3 cxd2+ 16. Kf1 d1=Q+ 17. Bxd1 Qb5 18. Qxb5 Bxb5+ 19. Be2 Bxe2+ 20.
Kxe2 Bxa3 21. Rxa3 O-O 22. Nh3 a5 23. Rc1 Rfe8+ 24. Kf1 h6 25. Rc5 Ne4 26. Rd5
a4 27. f3 Nf6 28. Rd4 Reb8 29. Raxa4 Rxa4 30. Rxa4 1/2-1/2

[Event "5ème Open de St Chély d'Aubrac"]
[Site "St-Chély d'Aubrac"]
[Date "2005.07.11"]
[Round "4.10"]
[White "Lengert, Martin"]
[Black "Desboeufs, Alexandre"]
[Result "0-1"]
[WhiteElo "1913"]
[BlackElo "2052"]
[PlyCount "75"]
[EventDate "2005.07.??"]

1. d4 e6 2. c4 d5 3. Nc3 Nf6 4. Bg5 Be7 5. e3 Nbd7 6. Nf3 O-O 7. Bd3 dxc4 8.
Bxc4 c5 9. O-O a6 10. Rc1 b5 11. Be2 Bb7 12. Bxf6 Bxf6 13. dxc5 Nxc5 14. Nxb5
axb5 15. Rxc5 Rxa2 16. Bxb5 Qb6 17. b4 Rd8 18. Qc1 Be7 19. Bc4 Ra7 20. Rb5 Qc7
21. Bb3 Ba6 22. Ra5 Bxf1 23. Qxf1 Bxb4 24. Rxa7 Qxa7 25. Nd4 Qc5 26. h3 e5 27.
Nf5 e4 28. Ng3 Qc6 29. Qb1 Qc3 30. Qa2 Qe1+ 31. Kh2 Bd6 32. Bxf7+ Kh8 33. Qc2
Rf8 34. Qc6 Qb4 35. Qd5 Qb8 36. Bh5 Rxf2 37. Qg5 Rf6 38. Bg4 0-1

[Event "5ème Open de St Chély d'Aubrac"]
[Site "St-Chély d'Aubrac"]
[Date "2005.07.11"]
[Round "4.11"]
[White "Grezes, Yves"]
[Black "Duffau, Pascal"]
[Result "0-1"]
[WhiteElo "1760"]
[BlackElo "2038"]
[PlyCount "90"]
[EventDate "2005.07.??"]

1. e4 e6 2. d4 d5 3. Nd2 Nc6 4. c3 Be7 5. Qg4 g6 6. e5 b6 7. Nb3 Bb7 8. a4 Qd7
9. a5 Nd8 10. Bd3 c5 11. Nd2 Rc8 12. Ne2 Bc6 13. axb6 axb6 14. O-O Bb5 15. c4
dxc4 16. Bxc4 Nh6 17. Qh3 Nf5 18. dxc5 Rxc5 19. Bxb5 Rxb5 20. Ne4 Rxe5 21. Qc3
f6 22. N2g3 Nxg3 23. Nxg3 O-O 24. Bf4 Rd5 25. Be3 Bc5 26. b4 Bd4 27. Bxd4 Rxd4
28. Rac1 Rf7 29. Ne2 Rd3 30. Qc4 Kg7 31. Qa6 Qd6 32. h3 Rd7 33. b5 Rc7 34.
Rxc7+ Qxc7 35. Rc1 Qd6 36. Nc3 Qd4 37. Qc8 Rd2 38. Qc7+ Nf7 39. Qg3 e5 40. Qe3
Qxe3 41. fxe3 Nd6 42. Rb1 f5 43. Kf1 Nc4 44. Re1 Rd3 45. Na4 Ra3 0-1

[Event "5ème Open de St Chély d'Aubrac"]
[Site "St-Chély d'Aubrac"]
[Date "2005.07.11"]
[Round "4.12"]
[White "Luc, Rene"]
[Black "Rabier, Jean"]
[Result "0-1"]
[WhiteElo "1690"]
[BlackElo "1985"]
[PlyCount "80"]
[EventDate "2005.07.??"]

1. c4 f5 2. Nf3 Nf6 3. Nc3 e6 4. d4 d6 5. Bd2 Be7 6. e3 O-O 7. Bd3 c6 8. a3 Qe8
9. h3 h6 10. Qb3 Nbd7 11. O-O-O d5 12. Ne5 Nxe5 13. dxe5 Nd7 14. f4 Nc5 15. Qc2
a5 16. Na4 Nxd3+ 17. Qxd3 dxc4 18. Qxc4 b5 19. Qb3 bxa4 20. Qxa4 c5 21. Qc4 Qc6
22. g4 Ba6 23. Qc2 Be2 24. Rde1 Bf3 25. Rhg1 Be4 26. Qc4 Bh4 27. Re2 Kh8 28.
Be1 Bxe1 29. Rexe1 Bd5 30. Qc3 Rfb8 31. gxf5 Rb3 32. Qd2 exf5 33. Rg3 Rab8 34.
Reg1 Rxb2 35. Qxb2 Rxb2 36. Kxb2 Qb5+ 37. Ka1 Qb3 38. R1g2 Qxa3+ 39. Kb1 Be4+
40. Rc2 Qb3+ 0-1

[Event "5ème Open de St Chély d'Aubrac"]
[Site "St-Chély d'Aubrac"]
[Date "2005.07.11"]
[Round "4.13"]
[White "Rosenfeld, Imre"]
[Black "De Biasi, Robert"]
[Result "1-0"]
[WhiteElo "2047"]
[BlackElo "1895"]
[PlyCount "59"]
[EventDate "2005.07.??"]

1. d4 Nf6 2. Nf3 e6 3. e3 b6 4. Bd3 Bb7 5. Nbd2 c5 6. c3 Nc6 7. O-O g6 8. e4
cxd4 9. cxd4 Ne7 10. e5 Nfd5 11. Ne4 Nf5 12. g4 Nh4 13. Bg5 Nxf3+ 14. Qxf3 Qb8
15. Rac1 h6 16. Bd2 Be7 17. Qh3 h5 18. f4 Qd8 19. f5 exf5 20. gxf5 g5 21. f6 g4
22. fxe7 gxh3 23. exd8=Q+ Kxd8 24. Kf2 Ke7 25. Bg5+ Ke6 26. Nd6 Nb4 27. Bf5+
Kd5 28. Nxb7 Kxd4 29. Bf6 Rhg8 30. Rfd1+ 1-0

[Event "5ème Open de St Chély d'Aubrac"]
[Site "St-Chély d'Aubrac"]
[Date "2005.07.11"]
[Round "4.14"]
[White "Ritzenthaler, Stephane"]
[Black "Dury, Renaud"]
[Result "1/2-1/2"]
[WhiteElo "2037"]
[BlackElo "1770"]
[PlyCount "104"]
[EventDate "2005.07.??"]

1. e4 c6 2. d4 d5 3. Nc3 dxe4 4. Nxe4 Nd7 5. Nf3 Ngf6 6. Ng3 e6 7. Bd3 c5 8.
O-O cxd4 9. Nxd4 Bc5 10. Nb3 O-O 11. Bg5 Be7 12. Qe2 Re8 13. Rad1 Qc7 14. Rfe1
b6 15. Bb5 a6 16. Bc4 Nf8 17. Nd4 Bb7 18. Bb3 h6 19. Be3 Bd6 20. Qd2 Red8 21.
Qc1 Bd5 22. Bxd5 Nxd5 23. c3 Nxe3 24. Qxe3 Bc5 25. Qe4 Bxd4 26. cxd4 Rd5 27.
Rc1 Qd8 28. Ne2 Nh7 29. Rc6 Rc8 30. Rec1 Rxc6 31. Rxc6 Qb8 32. Qc2 Nf8 33. Rc8
Qb7 34. Rc7 Qa8 35. Qc4 Qb8 36. Rc8 Qb7 37. Nf4 Rd6 38. f3 g6 39. Rc7 Qb8 40.
Nd3 Qd8 41. Rc8 Qh4 42. f4 Qf6 43. Ne5 Qxf4 44. Nf3 a5 45. b4 Qe3+ 46. Kf1 Qa3
47. b5 Kg7 48. Rc6 Nd7 49. Rxd6 Qxd6 50. Qc6 Qd5 51. Ne5 Nxe5 52. dxe5 Qd3+
1/2-1/2

[Event "5ème Open de St Chély d'Aubrac"]
[Site "St-Chély d'Aubrac"]
[Date "2005.07.11"]
[Round "4.15"]
[White "Vidalinc, Jean-Louis"]
[Black "Perrin, Yannick"]
[Result "1-0"]
[WhiteElo "1986"]
[BlackElo "1720"]
[PlyCount "111"]
[EventDate "2005.07.??"]

1. e4 e5 2. Nf3 Nc6 3. d4 exd4 4. Nxd4 Nf6 5. Nxc6 bxc6 6. e5 Nd5 7. c4 Nb6 8.
Bd3 Bc5 9. Qg4 Bf8 10. Qe2 Bb4+ 11. Nd2 O-O 12. O-O Re8 13. Qe4 g6 14. Qf4 Bf8
15. Nf3 Bg7 16. Bd2 Bb7 17. Bc3 Na4 18. Bd2 c5 19. Be4 Bxe4 20. Qxe4 d6 21. Bg5
Qd7 22. Rad1 Qe6 23. Qc2 Nb6 24. exd6 cxd6 25. b3 Qe2 26. Rd2 Qe4 27. Qd1 Be5
28. Re1 Qc6 29. h3 Re6 30. Nxe5 dxe5 31. a4 Kg7 32. a5 Nc8 33. Rd5 Qc7 34. Qd2
Qc6 35. Bh6+ Kg8 36. Rd8+ Re8 37. Rxe5 Ne7 38. Rxa8 Qxa8 39. Qd7 Qd8 40. Qxd8
Rxd8 41. Rxe7 f5 42. Rxa7 Rb8 43. Rc7 Rxb3 44. Rxc5 Ra3 45. Rb5 Ra4 46. c5 Kf7
47. c6 Ke6 48. Be3 Kd6 49. Bb6 Kxc6 50. Rc5+ Kd6 51. g3 Rb4 52. Rc7 Re4 53.
Rxh7 Re6 54. Rh6 Kc6 55. h4 Rd6 56. h5 1-0

[Event "5ème Open de St Chély d'Aubrac"]
[Site "St-Chély d'Aubrac"]
[Date "2005.07.11"]
[Round "4.16"]
[White "Tassetti, Matthieu"]
[Black "Lengert, Vincent"]
[Result "1/2-1/2"]
[WhiteElo "1956"]
[BlackElo "1710"]
[PlyCount "30"]
[EventDate "2005.07.??"]

1. Nf3 Nf6 2. g3 g6 3. Bg2 Bg7 4. O-O d6 5. d3 c6 6. c4 Bf5 7. Nc3 Qd7 8. Re1
h6 9. Bd2 Bh3 10. Bh1 h5 11. Nh4 Nh7 12. Qc1 Bf6 13. Nf3 h4 14. Ne4 hxg3 15.
fxg3 Qg4 1/2-1/2

[Event "5ème Open de St Chély d'Aubrac"]
[Site "St-Chély d'Aubrac"]
[Date "2005.07.11"]
[Round "4.17"]
[White "Colandrea, Sauveur"]
[Black "Boulier, Rene"]
[Result "1-0"]
[WhiteElo "1874"]
[BlackElo "1996"]
[PlyCount "47"]
[EventDate "2005.07.??"]

1. e4 e6 2. d4 d5 3. Nd2 dxe4 4. Nxe4 Bd7 5. Nf3 Bc6 6. Bd3 Nd7 7. O-O Ngf6 8.
Ng3 Bd6 9. Re1 O-O 10. Ne5 Nb8 11. Bg5 Be7 12. c3 h6 13. Bxf6 Bxf6 14. Qg4 Bxe5
15. Rxe5 Nd7 16. Nh5 g5 17. Rxe6 fxe6 18. Qxe6+ Rf7 19. Qg6+ Kf8 20. Qxh6+ Kg8
21. Re1 Nf8 22. Re5 Nh7 23. Bc4 Qd7 24. Qg7# 1-0

[Event "5ème Open de St Chély d'Aubrac"]
[Site "St-Chély d'Aubrac"]
[Date "2005.07.11"]
[Round "4.18"]
[White "Desboeufs, Claude"]
[Black "Richard, Emma"]
[Result "0-1"]
[WhiteElo "1599"]
[BlackElo "1870"]
[PlyCount "126"]
[EventDate "2005.07.??"]

1. c4 Nf6 2. d4 d6 3. Nc3 Nbd7 4. e4 e5 5. d5 Be7 6. Bd3 Nc5 7. Bc2 a5 8. a4
O-O 9. Nge2 Bg4 10. f3 Bh5 11. g4 Bg6 12. h4 h6 13. h5 Bh7 14. g5 hxg5 15. Bxg5
Nxd5 16. Bxe7 Nxc3 17. Nxc3 Qxe7 18. Nd5 Qg5 19. Qe2 c6 20. Ne3 Qg3+ 21. Kd2
Qf4 22. Rag1 Rfd8 23. Rg4 Qh6 24. Ke1 Ne6 25. Nf5 Bxf5 26. exf5 Nd4 27. Qd3
Nxc2+ 28. Qxc2 Qe3+ 29. Qe2 Qxe2+ 30. Kxe2 Kf8 31. Rhg1 Ke7 32. Rxg7 Rh8 33.
Rh1 Rh6 34. Rg4 Rah8 35. Rgh4 Kf6 36. Ke3 Kxf5 37. b3 d5 38. c5 d4+ 39. Kd3 Rg8
40. Rb1 Rg3 41. Ke2 Kg5 42. Rh2 Rxh5 43. Rxh5+ Kxh5 44. Kf2 Rg7 45. b4 axb4 46.
Rxb4 f5 47. Rb1 Kg6 48. a5 Kf6 49. Rb6 Rc7 50. Rb1 e4 51. f4 Ke6 52. Rc1 Kd5
53. Ke2 Rh7 54. Kf2 d3 55. Rb1 Kxc5 56. Ke3 Rh3+ 57. Kd2 Kc4 58. Rxb7 e3+ 59.
Kc1 d2+ 60. Kc2 Rh1 61. Rb1 Rxb1 62. Kxb1 Kb3 63. a6 d1=Q# 0-1

[Event "5ème Open de St Chély d'Aubrac"]
[Site "St-Chély d'Aubrac"]
[Date "2005.07.11"]
[Round "4.19"]
[White "Baudry, Alain"]
[Black "Casasnovas, Vincent"]
[Result "0-1"]
[WhiteElo "1785"]
[BlackElo "1530"]
[PlyCount "88"]
[EventDate "2005.07.??"]

1. d4 d6 2. c4 Nf6 3. Nc3 c6 4. Nf3 Bg4 5. e4 Nbd7 6. Be2 e5 7. d5 Be7 8. O-O
O-O 9. b4 a6 10. Be3 Rc8 11. Rc1 c5 12. bxc5 Nxc5 13. Nd2 Bxe2 14. Qxe2 Qd7 15.
h3 Bd8 16. f4 Ba5 17. Bxc5 Rxc5 18. fxe5 dxe5 19. Nf3 Bxc3 20. Rxc3 Qd6 21. Rb3
Rb8 22. Rfb1 b6 23. a4 Nd7 24. Nh4 g6 25. g4 Qf6 26. Nf3 g5 27. Nd2 h6 28. Rf1
Qd6 29. Rbf3 f6 30. Nb3 Rcc8 31. Nd2 Kg7 32. Rb1 Nc5 33. Ra1 Rc7 34. Qd1 Rcb7
35. Rb1 b5 36. axb5 axb5 37. cxb5 Rxb5 38. Rxb5 Rxb5 39. Qc2 Qb6 40. Kg2 Rb2
41. Qc4 Nxe4 42. Rd3 Qf2+ 43. Kh1 Rxd2 44. Rxd2 Ng3# 0-1

[Event "5ème Open de St Chély d'Aubrac"]
[Site "St-Chély d'Aubrac"]
[Date "2005.07.11"]
[Round "4.20"]
[White "Karsenty, Madeleine"]
[Black "Lagunes, Matthieu"]
[Result "0-1"]
[WhiteElo "1380"]
[BlackElo "1780"]
[PlyCount "74"]
[EventDate "2005.07.??"]

1. d4 d5 2. Nf3 Nf6 3. e3 c6 4. Bd3 Bg4 5. Nbd2 Nbd7 6. c3 e5 7. dxe5 Nxe5 8.
Be2 Ng6 9. Nd4 Bxe2 10. Qxe2 Qc7 11. O-O Bd6 12. N4f3 O-O 13. Re1 Rfe8 14. Qd3
Re7 15. Nf1 Rae8 16. b3 Ne4 17. Bb2 Qb6 18. Rac1 Nf4 19. Qc2 Bc5 20. Nd4 Ne6
21. Rcd1 Bxd4 22. cxd4 N6g5 23. Ba3 Re6 24. Bc5 Qc7 25. Rc1 Rg6 26. Kh1 Ree6
27. f3 Nxc5 28. Qxc5 Ref6 29. Qxa7 h6 30. Qc5 Rxf3 31. Qc2 Rff6 32. Qe2 Ne4 33.
Qb2 Nf2+ 34. Kg1 Nd3 35. Qe2 Rf2 36. Qxd3 Rfxg2+ 37. Kh1 Rg1# 0-1

[Event "5ème Open de St Chély d'Aubrac"]
[Site "St-Chély d'Aubrac"]
[Date "2005.07.11"]
[Round "4.21"]
[White "Gazel, Bruno"]
[Black "Lepere, Philippe"]
[Result "1/2-1/2"]
[WhiteElo "1550"]
[BlackElo "1740"]
[PlyCount "53"]
[EventDate "2005.07.??"]

1. e4 d6 2. d4 Nf6 3. Nc3 c6 4. Nf3 g6 5. Bd3 Bg7 6. h3 O-O 7. O-O Nbd7 8. Bf4
a6 9. a4 b6 10. Re1 c5 11. e5 Nh5 12. Be4 Rb8 13. Bh2 dxe5 14. dxe5 Bh8 15. e6
fxe6 16. Bxb8 Nxb8 17. Qxd8 Rxd8 18. Rad1 Rf8 19. Rd2 Nf6 20. Red1 Nxe4 21.
Nxe4 Nc6 22. b3 e5 23. Re2 Bf5 24. c3 h6 25. Nh4 Be6 26. Rb2 Kh7 27. Nf3
1/2-1/2

[Event "5ème Open de St Chély d'Aubrac"]
[Site "St-Chély d'Aubrac"]
[Date "2005.07.11"]
[Round "4.22"]
[White "Sidibe, Malika"]
[Black "Lagunes, Robin"]
[Result "0-1"]
[WhiteElo "1730"]
[BlackElo "1560"]
[PlyCount "84"]
[EventDate "2005.07.??"]

1. Nf3 d5 2. e3 Bg4 3. c4 c6 4. Qb3 b6 5. cxd5 Qxd5 6. Bc4 Qf5 7. Bxf7+ Qxf7 8.
Qxf7+ Kxf7 9. Ne5+ Ke6 10. Nxg4 h5 11. d4 hxg4 12. Nd2 Nf6 13. e4 Kd7 14. e5
Nd5 15. Ne4 e6 16. a3 Be7 17. Bd2 Na6 18. Rc1 c5 19. Be3 Rac8 20. dxc5 Nxc5 21.
Nxc5+ Bxc5 22. Bxc5 Rxc5 23. Rxc5 bxc5 24. O-O Rb8 25. f3 gxf3 26. Rxf3 Ke7 27.
Rf2 c4 28. Rc2 Rc8 29. Kf2 c3 30. Ke2 cxb2 31. Rxb2 Rc7 32. Rb3 Rd7 33. Rg3 Kd8
34. Rf3 Kc7 35. Rb3 Nf4+ 36. Kf1 Rd3 37. Rb4 Rd1+ 38. Kf2 Nd3+ 39. Ke2 Nxb4 40.
Kxd1 Nd3 41. Ke2 Nxe5 42. a4 Kc6 0-1

[Event "5ème Open de St Chély d'Aubrac"]
[Site "St-Chély d'Aubrac"]
[Date "2005.07.11"]
[Round "4.23"]
[White "Lassis, Patrick"]
[Black "Ruetsch, Johan"]
[Result "1-0"]
[WhiteElo "1710"]
[BlackElo "1270"]
[PlyCount "83"]
[EventDate "2005.07.??"]

1. Nf3 d5 2. d4 Nf6 3. Bf4 Bf5 4. c3 e6 5. Qb3 b6 6. e3 Nc6 7. Bb5 Qd7 8. Ne5
Qc8 9. Bxc6+ Kd8 10. Bxa8 Qxa8 11. Nxf7+ Ke8 12. Nxh8 Be7 13. Bxc7 Kd7 14. Be5
Qxh8 15. Qb5+ Kd8 16. Qc6 Nd7 17. Qc7+ Ke8 18. Nd2 Bd8 19. Qc8 Ke7 20. Nf3 h6
21. Bg3 g5 22. h3 Qf6 23. Ne5 Nxe5 24. Bxe5 Qf7 25. Qc6 Kf8 26. Qb5 Kg8 27. Qe2
Be4 28. f3 Bf5 29. g4 Bg6 30. Rf1 Bf6 31. Bxf6 Qxf6 32. f4 gxf4 33. Rxf4 Qe7
34. Kd2 Be8 35. Raf1 Kg7 36. e4 dxe4 37. Rxe4 Bf7 38. Qe3 a5 39. Ref4 Be8 40.
Qe5+ Kh7 41. Rf6 Bd7 42. Rf7+ 1-0

[Event "5ème Open de St Chély d'Aubrac"]
[Site "St-Chély d'Aubrac"]
[Date "2005.07.11"]
[Round "4.24"]
[White "Missinger, Karl"]
[Black "Weigel, Marie"]
[Result "0-1"]
[WhiteElo "1099"]
[BlackElo "1600"]
[PlyCount "58"]
[EventDate "2005.07.??"]

1. d4 Nf6 2. e3 d6 3. Nf3 Nbd7 4. Bb5 c6 5. Bd3 e5 6. O-O e4 7. Bxe4 Nxe4 8.
Bd2 Be7 9. Nc3 Nxd2 10. Qxd2 O-O 11. Qd3 d5 12. e4 dxe4 13. Nxe4 Nf6 14. Nxf6+
Bxf6 15. Ne5 Bxe5 16. dxe5 Qxd3 17. cxd3 Bf5 18. d4 Rad8 19. Rfd1 Rd5 20. Rac1
Rfd8 21. Rc3 Rxe5 22. Rf3 Bg4 23. h3 Bxf3 24. gxf3 Red5 25. Re1 Rxd4 26. b3 Rd1
27. Rxd1 Rxd1+ 28. Kg2 Ra1 29. a4 Ra3 0-1

[Event "5ème Open de St Chély d'Aubrac"]
[Site "St-Chély d'Aubrac"]
[Date "2005.07.11"]
[Round "4.25"]
[White "Ballandras, Renaud"]
[Black "Mathieu, Paul"]
[Result "1-0"]
[WhiteElo "1560"]
[BlackElo "1860"]
[PlyCount "113"]
[EventDate "2005.07.??"]

1. e4 Nc6 2. d4 d5 3. Nc3 e6 4. exd5 exd5 5. Nf3 Nf6 6. Be2 Be7 7. O-O O-O 8.
Ne5 Bf5 9. Bf4 a6 10. Rc1 Nb8 11. Bg4 Nxg4 12. Nxg4 c6 13. Ne5 Bd6 14. Re1 f6
15. Nd3 Bxd3 16. Bxd6 Qxd6 17. Qxd3 Nd7 18. Re3 Rae8 19. Rce1 Rxe3 20. Qxe3 Kf7
21. Qh3 Kg8 22. Nd1 f5 23. Qe3 Kf7 24. Qh3 Qg6 25. Ne3 Re8 26. Kf1 Re4 27.
Qxf5+ Qxf5 28. Nxf5 Kf6 29. Rxe4 dxe4 30. Nd6 b6 31. Nxe4+ Kf5 32. f3 Kf4 33.
Ke2 h6 34. g3+ Kf5 35. Ke3 Ke6 36. c4 Nf8 37. b4 Ng6 38. h4 Ne7 39. g4 Ng6 40.
h5 Ne7 41. f4 Kd7 42. f5 Ng8 43. Kf4 Ke7 44. g5 hxg5+ 45. Kxg5 Kf7 46. Nd6+ Kf8
47. Nc8 b5 48. cxb5 axb5 49. Na7 Ne7 50. f6 gxf6+ 51. Kxf6 Nd5+ 52. Kg6 Nxb4
53. h6 Kg8 54. a3 Nc2 55. Nxc6 Nxa3 56. h7+ Kh8 57. Ne5 1-0